000 00278nam a22001337a 4500
008 180807b xxu||||| |||| 00| 0 eng d
020 _a9780395811030
041 _aeng
080 _a37
100 _a46
101 _aEDU
245 _aTalk it up!
_cJoan,R.K
942 _2udc
_cBK
999 _c46932
_d46932